00627nam a2200217 i 4500001001100000003000500011005001700016008004100033040002500074082001500099090002100114245006200135264007000197300002300267336002100290337002500311338002300336650002100359942001000380999001900390C2-0316910PPAK20180728113051.0120809s1988 my |||| ||||| | may d aPPAKbengcPPAKerda04a899.2322300a899.23bMUSdKSS00aMusim bermukim III : bMesyuarat Agung Ketiga belas ASASI 1aAlor Setar, Kedah : bAngkatan Sasterawan Nasional Kedah , c1988 a28 pages ; c21 cm 2rdacontentatext 2rdamediaaunmediated 2rdacarrieravolume10aMalay literature ddccB c118014d118014